000 00837nab a2200253 u 4500
001 09890
003 HDC
007 cr bn ---aaaaa
008 210203c20171030my dr|nes 0 a may d
040 _aHDC
100 _aAfiq Mohd. Shah,
_eauthor
_97751
245 0 _aBajet 2018 perkukuh TKB /
_cby Afiq Mohd. Shah
260 _aKuala Lumpur :
_bMedia Mulia Sdn. Bhd.,
_c2017
336 _atext
_2rdacontent
337 _acomputer
_2rdamedia
338 _aonline resource
_2rdacarrier
650 _aBajet
_y2018
_zMalaysia
_910136
650 _aEconomic development
_94486
710 _aUtusan Malaysia
856 _zRequest full-text at [email protected]
942 _2lcc
942 _cNEWS
942 _kNWSC 001031
999 _c7213
_d7213